[Event "IECG TG.2006.0.15574"]
[Site "IECG email"]
[Date "2006.02.12"]
[Round "2"]
[White "Lunny, Eltin"]
[Black "O'Donnell, Hugh"]
[Result "1-0"]
[WhiteElo "674"]
[BlackElo "686"]
[PlyCount "61"]
[EventDate "2006.02.18"]
[EventType "match (corr)"]
[EventRounds "2"]
[SourceTitle "Corr 2008"]
[Source "ChessBase"]
[SourceDate "2008.06.24"]
[SourceVersion "1"]
[SourceVersionDate "2008.06.24"]
[SourceQuality "1"]

1. e4 e5 2. Nf3 Nc6 3. d4 Nxd4 4. Nxe5 d6 5. Qxd4 dxe5 6. Qxe5+ Qe7 7. Bf4 Be6 8. Nc3 0-0-0 9. Nb5 Nf6 10. Nxa7+ Kb8 11. Nb5 Qb4+ 12. c3 Qxe4+ 13. Qxe4 Nxe4 14. Bxc7+ Kc8 15. Bxd8 Kxd8 16. Rd1+ Ke7 17. Rd4 Nc5 18. b4 Nd7 19. Bc4 g6 20. 0-0 Bg7 21. Bxe6 fxe6 22. Rc4 Rd8 23. Rc7 b6 24. Re1 Bh6 25. Na7 Bd2 26. Rd1 Bf4 27. Nc6+ Ke8 28. Rb7 Rc8 29. Rdxd7 Rxc6 30. Rxh7 Rd6 31. Rh8# 1-0

[Event "IECG CF.2004.0.00061 email"]
[Site "IECG email"]
[Date "2004.06.20"]
[Round "?"]
[White "James, Michael"]
[Black "Lunny, Eltin"]
[Result "1/2-1/2"]
[WhiteElo "1160"]
[BlackElo "649"]
[PlyCount "187"]
[EventDate "2004.06.20"]
[EventType "tourn (corr)"]
[EventRounds "6"]
[SourceTitle "Corr 2008"]
[Source "ChessBase"]
[SourceDate "2008.06.24"]
[SourceVersion "1"]
[SourceVersionDate "2008.06.24"]
[SourceQuality "1"]

1. e4 c5 2. Nf3 d5 3. exd5 Qxd5 4. Nc3 Qe6+ 5. Be2 Qg6 6. 0-0 Bh3 7. Ne1 Bd7 8. d4 cxd4 9. Nb5 Qb6 10. Qxd4 Qxd4 11. Nxd4 Nc6 12. Be3 Nxd4 13. Bxd4 e6 14. Bf3 Bc6 15. Bxc6+ bxc6 16. Nf3 Nf6 17. Rad1 Be7 18. c4 c5 19. Be3 Rb8 20. b3 0-0 21. Ne5 Rbc8 22. f3 h5 23. Kf2 g6 24. Nd7 Rfd8 25. Nxf6+ Bxf6 26. Rxd8+ Rxd8 27. Bxc5 Rd2+ 28. Ke3 Rxa2 29. Rf2 Ra1 30. Bd4 Re1+ 31. Kd2 Bxd4 32. Kxe1 Bxf2+ 33. Kxf2 Kf8 34. b4 Ke7 35. Ke3 e5 36. f4 Ke6 37. fxe5 Kxe5 38. h4 a6 39. Kd3 f6 40. Ke3 Kd6 41. Ke4 Kc6 42. Kd4 Kd6 43. Ke4 Kc6 44. Kf3 Kd6 45. g3 Kd7 46. Ke4 Kd6 47. c5+ Kc6 48. Kd4 Kc7 49. Kd5 Kd7 50. c6+ Kc7 51. Ke6 Kxc6 52. Kxf6 Kb5 53. Kxg6 Kxb4 54. Kxh5 a5 55. g4 a4 56. g5 a3 57. g6 a2 58. g7 a1Q 59. g8Q Qe5+ 60. Qg5 Qe8+ 61. Kh6 Qh8+ 62. Kg6 Qe8+ 63. Kf5 Qc8+ 64. Ke4 Qc4+ 65. Kf3 Qf1+ 66. Kg4 Qd1+ 67. Kf5 Qd3+ 68. Kf6 Qd4+ 69. Kf7 Qc4+ 70. Kg7 Qd4+ 71. Qf6 Qd7+ 72. Kf8 Qc8+ 73. Ke7 Qc7+ 74. Ke6 Qc8+ 75. Ke5 Qc3+ 76. Ke6 Qc4+ 77. Kd7 Qd5+ 78. Ke7 Qb7+ 79. Ke8 Qc8+ 80. Kf7 Qc4+ 81. Kg7 Qc7+ 82. Kg6 Qg3+ 83. Kh5 Kc4 84. Qc6+ Kd4 85. Qd7+ Ke3 86. Qe7+ Kf2 87. Kh6 Qf4+ 88. Kg6 Qg4+ 89. Qg5 Qc4 90. Qf6+ Kg3 91. h5 Qg8+ 92. Qg7 Qe6+ 93. Kg5 Qd5+ 94. Kf6+ 1/2-1/2

[Event "IECG QN.2003.0.00284 email "]
[Site "IECG email"]
[Date "2003.07.28"]
[Round "?"]
[White "Lunny, Eltin"]
[Black "Nielsen, Chris"]
[Result "1-0"]
[WhiteElo "580"]
[BlackElo "773"]
[PlyCount "45"]
[EventDate "2003.07.28"]
[EventType "tourn (corr)"]
[EventRounds "6"]
[SourceTitle "Corr 2008"]
[Source "ChessBase"]
[SourceDate "2008.06.24"]
[SourceVersion "1"]
[SourceVersionDate "2008.06.24"]
[SourceQuality "1"]

1. e4 c5 2. Nf3 Nc6 3. d4 cxd4 4. Nxd4 Nf6 5. Nc3 a6 6. Bd3 d6 7. Be2 Nxd4 8. Qxd4 e5 9. Qd3 b5 10. 0-0 h6 11. b4 Bd7 12. a4 bxa4 13. Nxa4 Rb8 14. Bd2 Bc6 15. f3 d5 16. Qxa6 Qc7 17. exd5 Nxd5 18. c3 Bd6 19. Qa5 Qxa5 20. bxa5 0-0 21. a6 Nf4 22. Bc4 Rbe8 23. Rfb1 1-0

[Event "IECG QN.2001.0.00169"]
[Site "IECG email"]
[Date "2001.03.06"]
[Round "?"]
[White "Lunny, Eltin"]
[Black "Purcell, Andrew"]
[Result "0-1"]
[WhiteElo "590"]
[BlackElo "800"]
[PlyCount "42"]
[EventDate "2001.03.06"]
[EventType "tourn (corr)"]
[EventRounds "6"]
[SourceTitle "Corr 2008"]
[Source "ChessBase"]
[SourceDate "2008.06.24"]
[SourceVersion "1"]
[SourceVersionDate "2008.06.24"]
[SourceQuality "1"]

1. e4 e5 2. Nc3 Bb4 3. a3 Bxc3 4. bxc3 Nf6 5. Nf3 0-0 6. Nxe5 Qe8 7. d4 d6 8. Nd3 Nxe4 9. Bb2 Nxc3+ 10. Kd2 Nxd1 11. Kxd1 Bf5 12. Be2 Bxd3 13. cxd3 Qa4+ 14. Kc1 Qc6+ 15. Kd2 Qxg2 16. a4 Qxf2 17. Rhf1 Qxh2 18. Rh1 Qf4+ 19. Kc3 Nc6 20. Kc4 Qd2 21. d5 Qb4# 0-1

[Event "IECG QN.2000.0.00153"]
[Site "IECG email"]
[Date "2000.11.27"]
[Round "?"]
[White "Brozio, Michael"]
[Black "Lunny, Eltin"]
[Result "1-0"]
[WhiteElo "800"]
[BlackElo "598"]
[PlyCount "71"]
[EventDate "2000.11.27"]
[EventType "tourn (corr)"]
[EventRounds "6"]
[SourceTitle "Corr 2008"]
[Source "ChessBase"]
[SourceDate "2008.06.24"]
[SourceVersion "1"]
[SourceVersionDate "2008.06.24"]
[SourceQuality "1"]

1. e4 e5 2. Nf3 Nc6 3. Bc4 Na5 4. Nxe5 Nxc4 5. Nxc4 d5 6. exd5 Nf6 7. Ne3 Nxd5 8. Nxd5 Qxd5 9. 0-0 Bd6 10. Nc3 Qf5 11. Qe2+ Be6 12. d3 0-0-0 13. Be3 Rhe8 14. Bxa7 Bd7 15. Be3 Bc6 16. Rae1 Qg6 17. f3 f5 18. Qd2 Qh5 19. Bf4 b5 20. Bxd6 Rxd6 21. Qf4 g5 22. Qxf5+ Bd7 23. Rxe8+ Qxe8 24. Qxg5 Rg6 25. Qc5 Bc6 26. Qf5+ Qe6 27. Qxe6+ Rxe6 28. f4 b4 29. f5 Rf6 30. Ne4 Bxe4 31. dxe4 c5 32. e5 Ra6 33. f6 Kd7 34. f7 Rxa2 35. f8Q b3 36. Qd6+ 1-0

[Event "IECG CP.2000.P.00119"]
[Site "IECG email"]
[Date "2000.10.01"]
[Round "?"]
[White "Lunny, Eltin"]
[Black "Muth, Jens Joachim"]
[Result "0-1"]
[WhiteElo "614"]
[BlackElo "990"]
[PlyCount "54"]
[EventDate "2000.10.01"]
[EventType "tourn (corr)"]
[EventRounds "6"]
[EventCountry "GER"]
[SourceTitle "Corr 2008"]
[Source "ChessBase"]
[SourceDate "2008.06.24"]
[SourceVersion "1"]
[SourceVersionDate "2008.06.24"]
[SourceQuality "1"]

1. d4 Nf6 2. Nf3 g6 3. e3 d5 4. Qd3 Nbd7 5. Nc3 Bg7 6. Ng5 e5 7. f4 e4 8. Qb5 c6 9. Qb4 Nb6 10. Na4 Nxa4 11. Qxa4 h6 12. Nh3 Bxh3 13. gxh3 Nd7 14. Qb4 Qh4+ 15. Kd1 Qf2 16. Qxb7 Rb8 17. Qxc6 Qf3+ 18. Ke1 Qxh1 19. Qxd5 Bf6 20. b3 Bh4+ 21. Ke2 Qf3+ 22. Kd2 Qxf1 23. Qxe4+ Kd8 24. Ba3 Qxa1 25. f5 Qe1+ 26. Kd3 Rc8 27. d5 Qd1# 0-1

[Event "IECG QN.2000.0.00144"]
[Site "IECG email"]
[Date "2000.10.01"]
[Round "?"]
[White "Lunny, Eltin"]
[Black "Zednik, Martin"]
[Result "0-1"]
[WhiteElo "614"]
[BlackElo "800"]
[PlyCount "66"]
[EventDate "2000.10.01"]
[EventType "tourn (corr)"]
[EventRounds "6"]
[SourceTitle "Corr 2008"]
[Source "ChessBase"]
[SourceDate "2008.06.24"]
[SourceVersion "1"]
[SourceVersionDate "2008.06.24"]
[SourceQuality "1"]

1. e4 e5 2. Be2 Nf6 3. Nc3 Bb4 4. Nd5 Nxd5 5. exd5 Qf6 6. Bf3 0-0 7. Qe2 d6 8. Qc4 Bc5 9. b4 e4 10. Qxe4 Qxa1 11. Kd1 Bxf2 12. c3 Qxa2 13. Nh3 Bd7 14. b5 Bxb5 15. Ng5 Ba4+ 16. Ke2 Re8 17. Qxe8+ Bxe8 18. Kxf2 Nd7 19. Re1 Nc5 20. Be2 Qxd5 21. d4 Bc6 22. Bf3 Nd3+ 23. Kf1 Qa2 24. Re2 Qa1 25. Rd2 Qxc1+ 26. Rd1 Qxg5 27. Rxd3 Bb5 28. Be2 Re8 29. Rg3 Qc1+ 30. Kf2 Rxe2+ 31. Kf3 Qe3+ 32. Kg4 f5+ 33. Kxf5 Bd7# 0-1